[Event "IECC CL5-2006.01 email"]
[Site "IECC email"]
[Date "2006.01.13"]
[Round "?"]
[White "Trevis, Robert R"]
[Black "Antonio, Carlos"]
[Result "0-1"]
[WhiteElo "1393"]
[BlackElo "1396"]
[PlyCount "60"]
[EventDate "2006.??.??"]
[EventType "tourn (corr)"]
[EventRounds "4"]
[SourceTitle "Corr 2015"]
[Source "ChessBase"]
[SourceDate "2015.07.17"]
[SourceVersion "1"]
[SourceVersionDate "2015.07.17"]
[SourceQuality "1"]

1. e4 Nc6 2. d4 d5 3. e5 Bf5 4. g4 Bg6 5. Nf3 h6 6. Bg2 e6 7. Nc3 Bb4 8. 0-0 Bxc3 9. bxc3 Na5 10. Nd2 b5 11. a4 a6 12. Qe2 c6 13. axb5 cxb5 14. Nb3 Nc4 15. Nc5 Qc8 16. f4 Ne7 17. Ba3 0-0 18. f5 exf5 19. h3 Ra7 20. Bb4 fxg4 21. hxg4 a5 22. Nd3 Qc6 23. Bc5 Rb7 24. Qf2 Qe6 25. Qe2 Qc6 26. Qf2 Be4 27. Bh3 Qg6 28. Nf4 Qc6 29. Nd3 a4 30. Kh2 Rc7 0-1